Exchange rate economics. A survey.

Dva hlavné spôsoby prístupu k určeniu výmenného kurzu: monetárny a cez bilanciu portfolia. Prehľad literatúry, diskusia o empirických skúsenostiach a odhad budúceho vývoja v oblasti určovania výmenného kurzu. Otázky efektívnosti zahraničného obchodu.

Na minha lista:
Detalhes bibliográficos
Autor principal: MacDonald, Ronald
Outros Autores: Taylor, M.P
Formato: Capítulo de Livro
Idioma:inglês
Assuntos:
Tags: Adicionar Tag
Sem tags, seja o primeiro a adicionar uma tag!

MARC

LEADER 00000naa a2200000 4500
001 r009159
005 20220913122253.7
041 0 |a eng 
044 |a US 
245 1 0 |a Exchange rate economics.  |b A survey.  |c Ronald Macdonald, M.P. Taylor 
520 |a Dva hlavné spôsoby prístupu k určeniu výmenného kurzu: monetárny a cez bilanciu portfolia. Prehľad literatúry, diskusia o empirických skúsenostiach a odhad budúceho vývoja v oblasti určovania výmenného kurzu. Otázky efektívnosti zahraničného obchodu. 
610 2 0 |a kurz výmenný 
610 2 0 |a obchod zahraničný 
610 2 0 |a efektívnosť 
610 2 0 |a modely ekonomicko-matematické 
610 2 0 |a monetarizmus 
610 2 0 |a portfólio 
610 2 0 |a modely cenové 
610 2 0 |a ceny 
610 2 0 |a bilancie 
100 1 |a MacDonald, Ronald 
700 1 |a Taylor, M.P.